Clickable Taste Buds Quiz Stats

 Plays Quiz Updated Jul 16, 2015

Challenge
Share
Tweet
Embed
Score 0/32 Timer 04:00
2 Plays Today
% Correct
Jalapeño
93.4%
Lemon
92.5%
Caramel
91.6%
Ice Cream
91.2%
French Fries
91.2%
Chipotle
90.1%
Lime
89.7%
Banana
89.1%
Jerk Chicken
88.9%
Pretzel
88.2%
Potato Chips
88%
Bacon
87.4%
Sriracha
87.3%
Saltines
86.9%
Fudge
86.5%
Vinegar
85.8%
% Correct
Marshmallow
85.1%
Maple Syrup
84.9%
Sauerkraut
84.4%
Crab Apple
83.8%
Vindaloo
80.3%
Caviar
79.6%
Greek Yogurt
78.9%
Pear
78%
Lunch Meat
77.6%
Carolina Reaper
77.3%
Licorice
75.6%
Phaal
74.8%
Rhubarb
69.8%
Lox
65%
Scotch Bonnet
62.4%
Kefir
56%

You're not logged in!

Compare scores with friends on all Sporcle quizzes.
Join for Free
OR
Log In

You Might Also Like...

Show Comments

Extras

Top Quizzes Today


Score Distribution

Your Account Isn't Verified!

In order to create a playlist on Sporcle, you need to verify the email address you used during registration. Go to your Sporcle Settings to finish the process.

Report this User

Report this user for behavior that violates our Community Guidelines.

Details: